| 000 | 01059nam a22002291a 4500 | ||
|---|---|---|---|
| 999 |
_c18024 _d18024 |
||
| 001 | 18024 | ||
| 003 | OSt | ||
| 005 | 20260204212346.0 | ||
| 008 | 170221s2014||||dr ||||||b||||||||||spa|| | ||
| 090 | _aESP-GCE 2014 E91 | ||
| 100 | 1 |
_aEvangelista, Velkis Jackeline _esustentante |
|
| 245 | 1 | _aEficientizar los servicios administrativos del liceo Francisco Henríquez y Carvajal en su tanda matutina, Distrito 16-01 de Cotuí, prov. Sánchez Ramírez / Velkis Jackeline Evangelista, Fanny De La Rosa y Rosa Elvira Hernández Arias ; asesor Marién Emilio Acosta. | |
| 260 |
_aCotuí, República Dominicana : _bUTECO, _c2014 |
||
| 300 | _a14 hojas | ||
| 502 | _aTesis (Especialidad en Gestión y Planificación de Centros Educativos) | ||
| 650 | 4 | _aEficientizar los servicios administrativos | |
| 700 | 1 |
_aDe La Rosa, Fanny _esustentante |
|
| 700 | 1 |
_aHernández Arias, Rosa Elvira _esustentante |
|
| 700 | 1 |
_aAcosta, Marién Emilio _easesor |
|
| 830 | _aTesis y disertaciones académicas (Universidad Tecnológica del Cibao Oriental) | ||
| 942 |
_2LC _cTH |
||